000 01033nam a22003017a 4500
001 8073
003 FISKH
005 20250820161039.0
008 250820b cb ||||| |||| 00| 0 eng d
020 _a0439364264
040 _aFISKH
_beng
_cFISKH
_dFISKH
050 _aHQ1410 .C67
082 _a305.4
100 _aHarness, Cheryl
245 _aRemember the ladies :
_b100 great American women /
_cBy Cheryl Harness
250 _aFirst Scholastic printing, March 2002
260 _aNew York :
_bScholastic,
_c2001.
300 _a64 unnumbered pages :
_bcolor illustrations ;
_c27 cm .
505 _aR
520 _aA chronologically arranged collection of profiles of 100 notable American women, ranging from Virginia Dare to Oprah Winfrey.
521 8 _a750
_bLexile estimate
521 8 _aR
_bRaz-Plus
650 _aBarbara Walters
_vNon-fiction
650 _aWomen - United States - Biography
_vNon-fiction
700 _aBart-Horvath, Stephanie
_eDesigner
942 _2ddc
_cBK
_n0
999 _c8073
_d8073